Dernier pays à ... - Statistiques

Statistiques générales
  • Ce quiz a été pris 42 fois
  • Le résultat moyen est 5 sur 15
Statistiques - réponses
Dernier pays à... en Réponse % Correct
avoir gagné la Coupe du Monde de Rugby 2023 Afrique du Sud
88%
rejoindre l'ONU 2011 Soudan du Sud
70%
rejoindre l'Union européenne 2013 Croatie
63%
rejoindre la Zone Euro 2026 Bulgarie
43%
a s'être qualifié pour la premier fois en Coupe du Monde 2025 Ouzbékistan | Jordanie | Cap-Vert | Curaçao
33%
rejoindre l'OTAN 2024 Suède
33%
avoir dépassé les 100 millions d'habitants 2023 Viet Nam
30%
donner un droit de vote aux femmes 2011 Arabie Saoudite
23%
gagné la Coupe d'Asie de Football 2023 Qatar
23%
changée de nom 2019 Macédoine du Nord
20%
abolir l’esclavage 1981 Mauritanie
20%
changé de langue officielle 2025 Niger
10%
légalisé le mariage homosexuel 2025 Thaïlande
10%
avoir envoyé pour la première fois une personne de leur pays dans l'espace 2024 Turquie
8%
avoir son indépendance de la France ou le Royaume-Uni 1984 Brunei
3%
Aucun quiz correspondant
Distribution des résultats
% des personnes avec chaque résultat
Percentile par nombre de réponses
Votre historique - résultats
Vous n’avez pas pris ce quiz